000 00440nam a2200181Ia 4500
008 090123s9999 xx 000 0 und d
082 _b3704
100 _aत.रा.सु.
245 _aनागर हावू
250 _a4
260 _c1974
300 _a227
600 _aत.रा.सु.
630 _aनागर हावू
700 _aत.रा.सु.
730 _aनागर हावू
942 _cBOOK
999 _c41783
_d41783